Top 5 Most Common Surnames in Asia - Statistics

General Stats
  • This quiz has been taken 20 times
  • The average score is 2 of 5
Answer Stats
Meaning Surname % Correct
Royal Dynasty Li
71%
Prince Wang
71%
Royal Dynasty Chen
59%
Descendants of Emperor Huang Di Zhang
18%
Descendants of Emperor Yao Liu
12%
No matching quizzes found
Score Distribution
Percent of People with Each Score
Percentile by Number Answered
Your Score History
You have not taken this quiz